03031nam a2200349Ii 4500001001100000003000800011006001900019007001500038008004100053020001500094020001800109035002100127040002600148050001500174245020300189264005600392300005000448336002600498337002600524338003600550490003100586504005100617505174900668650002702417650002702444650002402471655002202495700003102517700002302548830004002571856007002611DIGSCR0046NyNyDIGm o d cr |||||||||||100625s1995 mdua ob 011 0 eng d z0916379574 z9780916379575 a(OCoLC)605377236 aDGITAbengepncDGITA14aP301 eBook00aDiscourse studies in honor of James L. Kinneavy /cedited by Rosalind J. Gabin ; biographical introduction by Valerie M. Balester, Phillip Sipiora, Rosalind J. Gabin ; epilogue by W. Ross Winterowd. 1aPotomac, Md., U.S.A. :bScripta Humanistica,c1995. a1 online resource (xxxiii, 223 pages) :bill. atextbtxt2rdacontent acomputerbc2rdamedia aonline resourcebcr2rdacarrier1 aScripta humanistica ;v51. aIncludes bibliographical references and index.0 aBiographical Introduction: Vir Bonus Agendi Peritus / Valérie M. Balester, Phillip Sipiora, Rosalind J. Gabin -- Some JLK Students Speak / Jackie Byars, Bernard M. Timberg, William J. McCleary and Maxine M. Long, Karin L. Yanoff -- JLK: The Bibliography The Essays: Our Tribute to James L. Kinneavy / Rosalind J. Gabin -- Part One: Classical and Modern Rhetoric: Classical Rhetoric: The Basic Issues / Edward P. J. Corbett -- A Rhetoric of Ethics and Cultural Understanding: The Quest of Isocrates / Phillip Sipiora --Refiguring Rhetoric: Aristotle's Concept of Techne / Janet Atwill and Janice Lauer -- Nineteenth Century Scottish Rhetoric: The Missing Link Between Classical and Modem / Winifred Bryan Horner -- Part Two: Postmodern Perspectives: Two Propositions: On the Hermeneutics of Suspicion and on Writing the History of Rhetoric / Victor J. Vitanza -- Rhetoric and Post-Deconstructionism: A Relationist Theory of Meaning / Richard A. Cherwitz and James W. Hikins -- Social Rhetoric and Political Action / John J. Ruszkiewicz -- Part Three: The Teaching Of Writing: Fred Newton Scott and the Reform Movement of the 1890s / Donald C. Stewart -- Is There a Place for Classical Rhetoric in the Teaching of Composition Today? / Jean Dietz Moss -- Kinneavy's Theory of Discourse and the Collège English Major / William J. McCleary --"Tracing Round the Frame": Thinking About Writing in Departments of English /Richard E. Young -- Part Four: Science, Ethics, and Advertising: Voice in Scientific Discourse / George E. Yoos --Ethics Across thé Curriculum / Rosalind J. Gabin -- The Promised Land: The Rhetoric of Religion and the Development of American Advertising / Donald A. McQuade -- Epilogue: "Jim Kinneavy" / W. Ross Winterowd. 0aRhetoric.y 1500-1800. 0aWritten communication. 0aDiscourse analysis. 0aElectronic books.1 aKinneavy, James L.,d1920-1 aGabin, Rosalind J. 0aScripta Humanistica (Series) ;v51.403Digitalia Hispánicauhttps://www.digitaliapublishing.com/a/188/